Obras completas 6 / (Registro nro. 5621)

Detalles MARC
000 -CABECERA
campo de control de longitud fija 00672nam a22002297a 4500
003 - IDENTIFICADOR DEL NÚMERO DE CONTROL
campo de control AR-RoIUNI
005 - FECHA Y HORA DE LA ÚLTIMA TRANSACCIÓN
campo de control 20230905102548.0
008 - DATOS DE LONGITUD FIJA--INFORMACIÓN GENERAL
campo de control de longitud fija 230630s2017 ag |||| |||| 001 0 spa d
020 ## - NÚMERO INTERNACIONAL ESTÁNDAR DEL LIBRO
Número Internacional Estándar del Libro 9789876292719
040 ## - FUENTE DE LA CATALOGACIÓN
Centro/agencia transcriptor AR-RoIUNI
080 ## - NÚMERO DE LA CLASIFICACIÓN DECIMAL UNIVERSAL
Número de la Clasificación Decimal Universal 159.9 - 6
100 1# - ENTRADA PRINCIPAL--NOMBRE DE PERSONA
9 (RLIN) 4
Nombre de persona Freud, Sigmund,
Fechas asociadas al nombre 1856-1939.
245 10 - MENCIÓN DE TÍTULO
Título Obras completas 6 /
Mención de responsabilidad, etc. Freud Sigmund
250 ## - MENCIÓN DE EDICIÓN
Mención de edición 2da. ed.
260 ## - PUBLICACIÓN, DISTRIBUCIÓN, ETC. (PIE DE IMPRENTA)
Lugar de publicación, distribución, etc. Buenos Aires :
Nombre del editor, distribuidor, etc. Biblioteca nueva ,
Fecha de publicación, distribución, etc. 2017
300 ## - DESCRIPCIÓN FÍSICA
Extensión 192 p. ;
Dimensiones 23 cm.
490 ## - MENCIÓN DE SERIE
Mención de serie Obras completas de Sigmund Freud ;
Designación de volumen o secuencia 6
505 0# - NOTA DE CONTENIDO CON FORMATO
Nota de contenido con formato Ensayos de este volumen: Psicopatología de la vida cotidiana.
650 10 - PUNTO DE ACCESO ADICIONAL DE MATERIA--TÉRMINO DE MATERIA
9 (RLIN) 108
Término de materia o nombre geográfico como elemento inicial PSICOLOGÍA
650 04 - PUNTO DE ACCESO ADICIONAL DE MATERIA--TÉRMINO DE MATERIA
Término de materia o nombre geográfico como elemento inicial PSICOLOGÍA
9 (RLIN) 108
942 ## - ELEMENTOS DE PUNTO DE ACCESO ADICIONAL (KOHA)
Fuente del sistema de clasificación o colocación Clasificación Decimal Universal
Tipo de ítem Koha Libros
Existencias
Estado de retiro Estado de pérdida Fuente del sistema de clasificación o colocación Estado dañado Excepción de préstamo Código de colección Localización permanente Ubicación/localización actual Ubicación en estantería Fecha de adquisición Fuente de adquisición Número de inventario Total de préstamos Signatura topográfica completa Código de barras Fecha visto por última vez Precio válido a partir de Tipo de ítem Koha
    Clasificación Decimal Universal     Psicología BIBLIOTECA RIOBAMBA BIBLIOTECA RIOBAMBA BIBLIOTECA RIOBAMBA 05/09/2023 Donación 7894   159.9 - 6 FRE 7894 05/09/2023 05/09/2023 Libros